| 000 | 01962nam a22002897a 4500 | ||
|---|---|---|---|
| 003 | NALT | ||
| 005 | 20240824073859.0 | ||
| 008 | 231028b th ||||| |||| 00| 0 tha d | ||
| 020 | _a9789747725445 | ||
| 040 | _aNALT | ||
| 041 | _atha | ||
| 090 |
_aKD 62 _bศ365ค 2550 ค.3-5 |
||
| 110 | 0 | _aสำนักงานศาลรัฐธรรมนูญ | |
| 245 | 1 | 0 |
_aคำวินิจฉัยคณะตุลาการรัฐธรรมนูญที่ 3-5/2550 เรื่อง อัยการสูงสุดขอให้มีคำสั่งยุบพรรคพัฒนาชาติไทย พรรคแผ่นดินไทย และพรรคไทยรักไทย พร้อมความเห็นในการวินิจฉัยคดีส่วนตนของตุลาการรัฐธรรมนูญ / _cสำนักงานศาลรัฐธรรมนูญ. |
| 250 | _aพิมพ์ครั้งที่ 2. | ||
| 260 | 3 |
_aกรุงเทพฯ : _bสำนักงานศาลรัฐธรรมนูญ, _c2550. |
|
| 300 |
_a782 หน้า ; _c30 ซม. |
||
| 610 | 2 | 0 |
_aสำนักงานศาลรัฐธรรมนูญ _96436 |
| 650 | 4 |
_aพรรคประชาธิปไตยก้าวหน้า _947182 _xการพิจารณาและตัดสินคดี |
|
| 650 | 4 |
_aการยุบพรรคการเมือง _928355 _xคำวินิจฉัยศาลรัฐธรรมนูญ |
|
| 650 | 4 |
_aการยุบพรรคการเมือง _934155 _xการพิจารณาและตัดสินคดี |
|
| 650 | 4 |
_aการยุบพรรคการเมือง _924582 _xการวินิจฉัย |
|
| 850 | _aNALT | ||
| 942 |
_cLB _2local |
||
| 996 |
_akornsiririn.r _bCATSTF _c2023-10-28 |
||
| 999 |
_c103775 _d103775 |
||
| 998 |
_j _kCRON CRON |
||